An introduction to MicroStation 95

Αποθηκεύτηκε σε:
Λεπτομέρειες βιβλιογραφικής εγγραφής
Κύριος συγγραφέας: Yarwood, A. (Alfred) 1917-
Μορφή: Βιβλίο
Γλώσσα:English
Δημοσίευση: Essex : Longman, c1999
Θέματα:
Ετικέτες: Προσθήκη ετικέτας
Δεν υπάρχουν, Καταχωρήστε ετικέτα πρώτοι!

MARC

LEADER 00000nam a2200000 i 4500
001 1/101127
008 000208s1999 eng d
020 |a 0-582-29979-9 
035 |l 10057554 
040 |a GR-MY-UA  |b gre  |e aacr 
041 0 |a eng 
082 0 |a 670.285 
100 1 |a Yarwood, A.  |q (Alfred)  |d 1917- 
245 1 3 |a An introduction to MicroStation 95 /  |c A. Yarwood 
260 |a Essex :   |b Longman,   |c c1999 
300 |a 265 p.  |b fig. 
504 |a Includes index 
630 0 0 |a MicroStation. 
650 0 0 |a Computer-aided design. 
852 |a INST  |b LESVOS  |e 20000208  |h 670.285 YAR  |p 005100021445  |q 005100021445  |t BK  |y 0 
901 |a BIBL1-2000-1 
909 |a Λ  |b 070389 
922 |a 1ΕΛΗ  |b 199911  |c ΚΠΣ/ΤΓ  |d LEADER 
950 |a 118-1999-09-03 
970 |a ΤΖΑΦΕΡΗ  |b ΕΥΑΓΓΕΛΙΑ  |z 2000/02/23